000 00581nam a22002177a 4500
003 UA-OsUOA
001 104242
007 ta
008 20131210b un ||||| |||| 00| 0 ukr d
100 _aГенералюк Л.
090 _a82
_bГ34
942 _cSA
040 _aUA-OsUOA
_bukr
_cUA-OsUOA
_dUA-OsUOA
245 _aЕкфразис і гіпотипозис: проблеми диференції
300 _aС.50-62
955 _a0
041 _aukr
080 _a82
773 0 _w104240
650 7 _a82 Література. Літературознавство
_2UDC
999 _c390679
_d390679